000 00633nam a2200241Ia 4500
003 OSt
005 20221005040106.0
006 a|||||r|||| 00| 0
007 ta
008 221004b |||||||| |||| 00| 0 eng d
024 _a63312
037 _cTextual
040 _aCRL
_cCRL
_beng
041 _2eng
_aeng
082 _aV236.N84, M5
100 _aAbida Samiuddin Ed.
_9103848
245 0 _aPunjab crisis
_b Challenge and response
260 _aDelhi
_bMittal
_c1985
300 _a714p.
_ccm.
650 _aHISTORY
942 _hV236.N84, M5
_cTEXL
_2cc
999 _c946347
_d946347